Review of the Environmental Protection Agency's new agricultural and silvicultural regulatory programs : hearing before the Subcommittee on Department Operations, Oversight, Nutrition, and Forestry of the Committee on Agriculture, House of Representatives, One Hundred Sixth Congress, first session, October 28, 1999.

Bibliographic Details
Corporate Authors: United States. Congress. House. Committee on Agriculture. Subcommittee on Department Operations, Oversight, Nutrition, and Forestry, ProQuest (Firm)
Format: Government Document eBook
Language:English
Published: Washington : U.S. G.P.O. : 2000.
Series:U.S. Congressional Hearings.
Subjects:
Online Access:Connect to the full text of this electronic book

MARC

Tag First Indicator Second Indicator Subfields
LEADER 00000cam a22000001a 4500
001 in00003249321
006 m d f
007 cr bn mmmapmmp
008 090922s2000 dcu o f000 0 eng d
005 20260504145553.3
035 |a cis2007470870 
040 |a UMI  |c UMI  |d UtOrBLW 
043 |a n-us--- 
074 |a 1010-A 
074 |a 1010-B (MF) 
086 0 |a Y 4.AG 8/1:106-40 
088 |a Serial no. 106-40 (United States. Congress. House. Committee on Agriculture) 
099 |a HRG-1999-HAG-0042 
110 1 |a United States.  |b Congress.  |b House.  |b Committee on Agriculture.  |b Subcommittee on Department Operations, Oversight, Nutrition, and Forestry. 
245 1 0 |a Review of the Environmental Protection Agency's new agricultural and silvicultural regulatory programs :  |b hearing before the Subcommittee on Department Operations, Oversight, Nutrition, and Forestry of the Committee on Agriculture, House of Representatives, One Hundred Sixth Congress, first session, October 28, 1999. 
264 1 |a Washington :  |b U.S. G.P.O. :  |c 2000. 
264 2 |a Washington :  |b For sale by the U.S. G.P.O., Supt. of Docs., Congressional Sales Office, 
300 |a 1 online resource. 
336 |a text  |b txt  |2 rdacontent 
337 |a computer  |b c  |2 rdamedia 
338 |a online resource  |b cr  |2 rdacarrier 
500 |a Record is based on bibliographic data in ProQuest Congressional Hearings Digital Collection. Reuse except for individual research requires license from ProQuest, LLC. 
538 |a System requirements: PDF reader software. 
500 |a Electronic resource. 
610 1 0 |a United States.  |b Environmental Protection Agency. 
650 0 |a Agriculture and state  |z United States. 
650 0 |a Forest policy  |z United States. 
650 0 |a Environmental policy  |z United States. 
650 0 |a Administrative procedure  |z United States. 
655 7 |a Electronic books.  |2 local 
710 2 |a ProQuest (Firm) 
776 0 8 |i Print version:  |a United States. Congress. House. Committee on Agriculture. Subcommittee on Department Operations, Oversight, Nutrition, and Forestry.  |t Review of the Environmental Protection Agency's new agricultural and silvicultural regulatory programs  |w (OCoLC)ocm44009476  |w (GPO)99051545 
776 0 8 |i Microfiche version:  |a United States. Congress. House. Committee on Agriculture. Subcommittee on Department Operations, Oversight, Nutrition, and Forestry.  |t Review of the Environmental Protection Agency's new agricultural and silvicultural regulatory programs.  |d [Bethesda, Md.] : ProQuest,[2004]  |o CIS 00 H161-2  |w (ProQuest)cis00000002 
830 0 |a U.S. Congressional Hearings. 
856 4 0 |u http://proxy.library.tamu.edu/login?url=https://congressional.proquest.com/congcomp/getdoc?HEARING-ID=HRG-1999-HAG-0042  |z Connect to the full text of this electronic book  |t 0 
998 |a cis00000002 
999 |a MARS 
999 f f |s 597a257a-73a6-3459-937e-5fe6b229ce78  |i 100d4149-3ed0-3f08-893b-4cc5fb5ddaa0  |t 0 
952 f f |a Texas A&M University  |b College Station  |c Electronic Resources  |s www_evans  |d Available Online  |t 0  |e HRG-1999-HAG-0042  |h Other scheme 
998 f f |a HRG-1999-HAG-0042  |t 0  |l Available Online